| 000 | 00425nam a2200169 a 4500 | ||
|---|---|---|---|
| 001 | 3486 | ||
| 005 | 20140414131916.0 | ||
| 008 | 040721s19uu xx 00 eng d | ||
| 020 | _a1904910491 | ||
| 050 |
_aER _bL72 |
||
| 245 | _aLittle Red Riding Hood. | ||
| 260 |
_aMalaysia : _bRising Sun, _c[n.d.] |
||
| 300 | _a1 v. : ill. ; cm. | ||
| 440 | _aFavourite Fairy Tales Series | ||
| 650 | _aFairy tales. | ||
| 999 |
_c111478 _d111478 |
||